00000000nam##2200000za#4500
0019.643016
003CaOODSP
00520210624223956
007cr |||||||||||
008150407|2004||||xxc|||||o    f|0| 0 fre|d
040 |aCaOODSP|bfre
043 |an-cn---
0861 |aEn14-144/2004F-PDF
1101 |aCanada. |bEnvironnement Canada.
24510|aProtocole conjoint du RESE et de Parcs Canada pour la surveillance des salamandres pléthodontides / |h[ressource électronique]|c[par] Paul Zorn, Valerie Blazeski, et Brian Craig.
250 |aVersion 1
260 |aOttawa - Ontario : |bEnvironnement Canada |cJuillet 2004.
300 |a74p.|bfigures (certaines en couleur), cartes (certaines en couleur), références, tableaux, photographies
590 |a14-08-Supp|b2014-04-10
69107|aProtection de l'environnement|2gcpds
69107|aReptile|2gcpds
77508|tJoint EMAN/Parks Canada national monitoring protocol for plethodontid salamanders / |w(CaOODSP)9.699011
85640|ahttp://publications.gc.ca|qPDF|s959 Ko|uhttps://publications.gc.ca/collections/collection_2014/ec/En14-144-2004-fra.pdf